000 00882nas a2200277 4500
001 BR0002772
003 BR-BrBNA
005 20231205101908.0
007 ta
008 230509b bl.|||p| |||| 00| 00por d
040 _aBR-BrBNA
_bpor
_cBiblioteca Nacional de Agricultura
041 _a(Pt)
072 _aL10
100 1 _aFarias, J.O.
100 1 _aNunes, J.F.
100 1 _aCarvalho, M.A.M. de
100 1 _aSalgueiro, C.C. de M.
245 1 _aAvaliacao "in vivo" do semen de tambaqui (Colossoma macropomum)conservado a temperatura ambiente e criopreservado em agua de coco
650 _aTambaqui
650 _aSemen
650 _aAgua de Coco
650 _aTemperatura
773 0 _tRevista Cientifica de Producao Animal (Brazil)
_xISSN 1415-563X
_g(Jan-Jun 1999), v. 1(1) p. 44-58
_wBR0002772
909 _a202311
_bLúcia
_c55
_dLúcia Elande
942 _2AGRIS
_n0
_cANA
999 _c164575
_d164575